| 000 | 00431nam a2200181Ia 4500 | ||
|---|---|---|---|
| 001 | 18646 | ||
| 005 | 20260306171646.0 | ||
| 008 | 260306s9999||||xx |||||||||||||| ||und|| | ||
| 041 | _aESP | ||
| 082 |
_a658.4092 _bS79 |
||
| 100 |
_aStein, Guido _eAUT |
||
| 245 | 0 |
_aCEO, carrera y sucesión: _bEscalando a la cima |
|
| 260 | _c2010 | ||
| 300 |
_a329. p _c23 cm. |
||
| 650 | _aGEN | ||
| 654 | _aCAN | ||
| 942 |
_cLIB _dJUS _fJUS _2ddc _n |
||
| 999 |
_c18646 _d18646 |
||